| 000 | 00639nam a2200205 i 4500 | ||
|---|---|---|---|
| 001 | 7627 | ||
| 003 | ES-MaACL | ||
| 005 | 20230906145300.0 | ||
| 007 | t| | ||
| 008 | 910307s1991 sp ||||1| spa d | ||
| 020 | _a84-234-0848-5 | ||
| 080 | _a657 | ||
| 100 | 1 |
_aOmeñaca García, Jesús. _987041 |
|
| 245 | 1 | 3 |
_aEl Nuevo Plan General de Contabilidad _b: guia practica de adaptacion / _cJesus Omeñaca Garcia. |
| 260 |
_aMadrid [etc.] : _bDeusto, _cD.L. 1991. |
||
| 300 |
_a367 p. ; _c27 cm. |
||
| 650 | 1 | 4 |
_aContabilidad- _zEspaña. _911308 |
| 740 | 0 | _aPlan general de contabilidad. | |
| 852 |
_aES-MaACL _jL-14896 _bR.119063 _z. - rust. |
||
| 999 |
_c7627 _d7627 |
||